El control de convencionalidad y la reforma constitucional en materia de derechos humanos

Detalles Bibliográficos
Autor principal: Ferrer Mc. Gregor, Eduardo
Formato: eBook
Lenguaje:español
Publicado: Ciudad de Mx̌ico: Cm̀ara de Diputados, 2012
Materias:
Acceso en línea:Acceso restringido

MARC

LEADER 00000nam a22000007a 4500
005 20170711224923.0
007 cr|||| ||||
008 170711s2012 mx |||||s||||f00||0 spa d
035 |a 20407 
040 |a vLex 
090 |c 6819  |d 6819 
100 1 |a Ferrer Mc. Gregor, Eduardo 
245 1 2 |a El control de convencionalidad y la reforma constitucional en materia de derechos humanos  |h [Recurso electrn̤ico] /  |c Eduardo Ferrer Mc. Gregor 
256 |a Servicio en ln̕ea 
260 |a Ciudad de Mx̌ico:  |b Cm̀ara de Diputados,  |c 2012 
300 |a 1 recurso electrn̤ico (36 p.) 
506 1 |a Disponible solo en los productos indicados  |d vLex Global  |d vLex Global (Academic Edition, excluding Law Schools)  |d vLex Global (U.S. Academic Edition, Law Schools)  |d vLex Global (U.S. Academic Edition, excluding Law Schools)  |d vLex Global (Academic Edition, Law Schools) 
650 0 4 |a Derecho Constitucional  |z Mx̌ico 
650 0 4 |a Derecho Internacional  |z Mx̌ico 
740 0 |a vLex Libros (Servicio en ln̕ea) 
856 4 0 |u http://vlex.com/source/control-convencionalidad-reforma-constitucional-materia-derechos-humanos-20407  |z Acceso restringido 
942 |c BOOK 
999 0 |a Constitutional Law 
999 0 |a International Law